| 000 | 00425nam a2200169Ia 4500 | ||
|---|---|---|---|
| 008 | 241115s9999 xx 000 0 und d | ||
| 020 | _aNA | ||
| 082 | _a515.15 ANT | ||
| 100 | _aAnton, Howard | ||
| 245 | 0 | _aCalculus: with analytic geometry | |
| 250 | _a7th ed. | ||
| 260 |
_aNew York: _bWiley & Sons, _c2000. |
||
| 300 | _a1166p. | ||
| 600 | _aHumanities & Natural Science | ||
| 650 | _aMathematics | ||
| 942 | _cBBD | ||
| 999 |
_c25397 _d25397 |
||